Score 0/7 Timer 03:00
6 Plays Today
Question Answer Wrong Answers
This American singer, whose rendition of ‘White Christmas’ remains a holiday classic today, is born.
1903
Bing Crosby
92.2%
Frank Sinatra
5.2%
Chuck Berry
0.9%
Tony Bennett
1.5%
This race, sometimes called ‘The Most Exciting Two Minutes In Sports’, is televised nationally for the first time on the CBS network.
1952
Kentucky Derby
82.8%
Daytona 500
7%
Belmont Stakes
4%
Preakness Stakes
2%
The Anne Frank House museum opens in this European city.
1960
Amsterdam
80.9%
Paris
1.3%
Berlin
9.1%
Brussels
4.4%
The first unsolicited bulk commercial email is sent by a Digital Equipment Corporation marketing representative to every ARPANET address on the west coast of the US. This type of message would later be called ______.
1978
Spam
78.3%
Chain Mail
6.9%
Mass Mail
8.3%
Pyramid Schemes
1.7%
The US Supreme Court rules in Shelley v. Kraemer that covenants which prohibit the sale of ______ to blacks and other minorities are legally unenforceable.
1948
Real Estate
65.9%
Alcohol
21%
Clothing
2.2%
Automobiles
7.4%
The trial of 28 Japanese military and government officials accused of committing war crimes during WWII begins in this city.
1946
Tokyo
57.5%
Beijing
11.8%
London
15.5%
Washington DC
12.5%
The Government of Ireland Act 1920 is passed, dividing Ireland into Northern Ireland and ______.
1921
Southern Ireland
19%
New Ireland
1.5%
Kingdom of Ireland
6.5%
Irish Republic
72.1%
Remove Ads.
Support Sporcle.
Get the best of Sporcle when you Go Orange. This ad-free experience offers more features, more stats, and more fun while also helping to support Sporcle. Thank you for becoming a member.

You're not logged in!

Compare scores with friends on all Sporcle quizzes.
OR
Log In

Show Comments

Extras

Top Quizzes Today


Score Distribution

Your Account Isn't Verified!

In order to create a playlist on Sporcle, you need to verify the email address you used during registration. Go to your Sporcle Settings to finish the process.

Report this User

Report this user for behavior that violates our Community Guidelines.

Details: